000 00411nam a2200181Ia 4500
001 10286
005 20260306161821.0
008 260306t1996||||xx |||||||||||||| ||spa||
041 _aESP
082 _a914.641
_bS41
100 _aSepúlveda, Ricardo
_eAUT
245 0 _aMadrid viejo
260 _c1996
300 _a472 páginas :
_c22 cm.
650 _aGEN
654 _aCHU
942 _cLIB
_dJUS
_fJUS
_2ddc
_n
999 _c10286
_d10286